000 00824nam a2200205 a 4500
001 000039200
005 20201002031536.0
008 130611s2004 dr 000 0 spa d
020 _a8400082249
040 _aDO-SdBNP
_bspa
_cBNPHU
100 1 _aPego Puigbó, Armando
_965387
245 1 3 _aEl renacimiento espiritual :
_bintroducción literaria a los tratados de oración españoles (1520-1566) /
_cArmando Pego Puigbó.
260 _aMadrid :
_bInstituto de la Lengua Española, (CSIC),
_c2004.
300 _a222 p. ;
_c24 cm.
490 1 _aAnejos de Revista de literatura
_v61
504 _aBibliografía : p. 207-22
504 _aIncluye referencias bibliográficas y notas al pie de las páginas
710 2 _aInstituto de la Lengua Española, (CSIC),
_965388
830 0 _aAnejos de Revista de literatura ;
_v61
_915426
999 _c38690
_d38690